D.J.Enright,Poet of humanism (Record no. 378)

MARC details
000 -LEADER
fixed length control field 00267nam a2200097 4500
082 ## - DEWEY DECIMAL CLASSIFICATION NUMBER
Classification number 821.914
Item number ENR/WAL
100 ## - MAIN ENTRY--PERSONAL NAME
Personal name Walsh,William
245 ## - TITLE STATEMENT
Title D.J.Enright,Poet of humanism
Statement of responsibility, etc. William Walsh
260 ## - PUBLICATION, DISTRIBUTION, ETC.
Place of publication, distribution, etc. London
Name of publisher, distributor, etc. Cambridge University Press
Date of publication, distribution, etc. c1974
300 ## - PHYSICAL DESCRIPTION
Extent viii,107p.; 22cm.
Holdings
Withdrawn status Lost status Damaged status Not for loan Collection code Home library Current library Date acquired Total Checkouts Full call number Barcode Date last seen Price effective from Koha item type
        ENGLISH North Eastern Hill University North Eastern Hill University 18/11/2011   821.914 ENR/WAL A2729 18/11/2011 18/11/2011 Books